An Introduction to the American Business Enterprise. (Record no. 4093)

MARC details
000 -LEADER
fixed length control field 00352nam a22001337a 4500
008 - FIXED-LENGTH DATA ELEMENTS--GENERAL INFORMATION
fixed length control field 250703b |||||||| |||| 00| 0 eng d
020 ## - INTERNATIONAL STANDARD BOOK NUMBER
ISBN 0256022801
100 ## - MAIN ENTRY--AUTHOR
Author NIL
245 ## - TITLE STATEMENT
Title An Introduction to the American Business Enterprise.
260 ## - PUBLICATION, DISTRIBUTION, ETC. (IMPRINT)
Place of publication United States
Name of publisher Library of Congress
Date of publication NIL
300 ## - COLLATION
Pagination xiii, 459p.
942 ## - ADDED ENTRY ELEMENTS (KOHA)
Item type Books
050 ## - LIBRARY OF CONGRESS CALL NUMBER
Classification number HD70
Item number .P64
Holdings
Source of classification or shelving scheme Not for loan Permanent location Current location Date acquired Accession No. Full call number Barcode. Koha item type
Library of Congress Classification   Samuel Ogbemudia Main Library, University of Abuja Samuel Ogbemudia Main Library, University of Abuja 07/03/2025 91/006519 HD70.P64 2025-2821 Books